Sports General Knowledge #7 - Statistics

General Stats
  • This quiz has been taken 417 times
  • The average score is 10 of 20
Answer Stats
Question Answer % Correct
What colour is the ball worth the most points in snooker? Black
89%
Who did the Golden State Warriors pick in the draft of 2009? Stephen Curry
87%
What is the highest score possible with one dart? 60
82%
What is the word in tennis for 0? Love
80%
Who was the most expensive football transfer of all time? (€222.00m) Neymar
65%
Who was the last British male player to win Wimbledon? Andy Murray
63%
What is the name of the NFL championship trophy? Vince Lombardi Trophy
62%
Which undefeated boxer retired with a perfect 50-0 professional record? Floyd Mayweather
61%
Who plays at the San Siro? Milan | Inter
57%
Which country won the first ever African Cup of Nations in 1957? Egypt
51%
Which U.S. city hosted the 1996 Summer Olympics? Atlanta
49%
Which college football team has won the most national championships? Alabama
46%
Which country won the first ICC T20 World Cup in 2007? India
45%
Before Max Verstappen who was the last driver to win the F1 Championship at Red Bull? Sebastian Vettel
37%
Which martial art originated in Thailand? Muay Thai
36%
What is Tiger Woods' actual first name? Eldrick
29%
What is the term for the main group of riders in a cycling race? Peloton
28%
Which track hosts the season-opening race of the NASCAR Cup Series? Daytona International Speedway
26%
What is the name of the collection of strength based events that originated in Scotland? Highland Games
26%
Which U.S. city did the NHL's Winnipeg Jets relocate to in 1996? Phoenix
12%
No matching quizzes found
Score Distribution
Percent of People with Each Score
Percentile by Number Answered
Your Score History
You have not taken this quiz